| 000 | 00659nam a22001577a 4500 | ||
|---|---|---|---|
| 005 | 20250217152755.0 | ||
| 008 | 250217b |||||||| |||| 00| 0 eng d | ||
| 082 |
_22024 _aUT |
||
| 100 |
_aSantos, Dave Florenz Paul J. _965415 |
||
| 245 |
_aLeaving to make a living: _bThe chronicles of struggles and triumphs of single-parent overseas Filipino workers (OFWs) / _cDave Florenz Paul J. Santos, and Dianne Grazielle U. Carillo |
||
| 260 |
_aDigos City : _bUMDC, _c©June 2024. |
||
| 300 |
_ax, 145 pages : _bIllustration (some colors) ; _c29 cm. |
||
| 500 | _aIncludes references and appendices. | ||
| 700 |
_aCarillo, Dianne Grazielle U. _965416 |
||
| 942 |
_2ddc _cUT |
||
| 999 |
_c23474 _d23474 |
||